| 000 | 00548nam a2200193Ia 4500 | ||
|---|---|---|---|
| 005 | 20250508165701.0 | ||
| 008 | 008 250505s9999 xx 000 0 eng d | ||
| 037 | _aPeriodicals | ||
| 040 |
_aFEDL _beng _cFEDL |
||
| 041 |
_aeng _2eng |
||
| 084 |
_a540, NCE _qFEDL |
||
| 245 | 0 | _aChemistry : a textbook for class - XI | |
| 245 | 0 | _cNational council of educational research and training | |
| 260 |
_aDelhi, India _bNCERT _c1999 |
||
| 300 | _aviii,503p. | ||
| 365 |
_aINR _b69 |
||
| 942 |
_cCR _h540, NCE |
||
| 999 |
_c1396726 _d1396726 |
||